Laboratory manual for introductory mycology / (Record no. 66270)
[ view plain ]
| 000 -LEADER | |
|---|---|
| fixed length control field | 00766nam a2200241 a 4500 |
| 001 - CONTROL NUMBER | |
| control field | 66270 |
| 003 - CONTROL NUMBER IDENTIFIER | |
| rucl marc code | BD-RjUL |
| 005 - DATE AND TIME OF LATEST TRANSACTION | |
| control field | 20211209081522.0 |
| 008 - FIXED-LENGTH DATA ELEMENTS--GENERAL INFORMATION | |
| fixed length control field | 170315s19681952us a|||| |||| 00| 0 eng d |
| 035 ## - SYSTEM CONTROL NUMBER | |
| System control number | (BD-RjUL)66400 |
| 040 ## - CATALOGING SOURCE | |
| Original cataloging agency | BD-RjUL |
| Language of cataloging | eng |
| Transcribing agency | BD-RjUL |
| Modifying agency | BD-RjUL |
| 041 ## - LANGUAGE CODE | |
| Language code of text/sound track or separate title | eng |
| 082 ## - DEWEY DECIMAL CLASSIFICATION NUMBER | |
| Edition number | 23 |
| Classification number | 579.5 |
| Author mark and year | ALL 1968 |
| 100 1# - MAIN ENTRY--PERSONAL NAME | |
| Personal name | Alexopoulos, Constantine John |
| 9 (RLIN) | 196140 |
| 245 01 - TITLE STATEMENT | |
| Title | Laboratory manual for introductory mycology / |
| Statement of responsibility, etc. | Constantine John Alexopoulos , E. S.Beneke |
| 260 ## - PUBLICATION, DISTRIBUTION, ETC. (IMPRINT) | |
| Place of publication, distribution, etc. | Minneapolis : |
| Name of publisher, distributor, etc. | Burgess Pub. Co. |
| Date of publication, distribution, etc. | c1952 [reprinted 1968] |
| 300 ## - PHYSICAL DESCRIPTION | |
| Pagination | 196 p. : |
| Illustrations | ill. ; |
| Size | 25 cm. |
| 500 ## - GENERAL NOTE | |
| General note | Includes index |
| 650 ## - SUBJECT ADDED ENTRY--TOPICAL TERM | |
| Topical term or geographic name as entry element | Mycology |
| General subdivision | Manuales de laboratorio |
| 9 (RLIN) | 196141 |
| Topical term or geographic name as entry element | Lichens. |
| 9 (RLIN) | 196142 |
| 700 ## - ADDED ENTRY--PERSONAL NAME | |
| Personal name | Beneke, E. S. |
| 942 ## - ADDED ENTRY ELEMENTS (KOHA) | |
| Source of classification or shelving scheme | Dewey Decimal Classification |
| Koha item type | Books |
| Lost status | Source of classification or shelving scheme | Damaged status | Not for loan | Collection code | Permanent Location | Current Location | Shelving location | Date acquired | Source of acquisition | Cost, normal purchase price | Total Checkouts | Full call number | Date last seen | Copy number | Koha item type |
|---|---|---|---|---|---|---|---|---|---|---|---|---|---|---|---|
| Dewey Decimal Classification | Not For Loan | Non-fiction | Central Library, University of Rajshahi | Central Library, University of Rajshahi | Reading Room | 31/10/1970 | Sweets & zeithinger | 47.00 | 579.5 ALL 1968 | 15/03/2017 | C-1 | Books | |||
| Dewey Decimal Classification | Non-fiction | Central Library, University of Rajshahi | Central Library, University of Rajshahi | 31/10/1970 | Sweets & Zeitlinger | 47.00 | 579.5 ALL 1968 | 27/05/2017 | C-2 | Books | |||||
| Dewey Decimal Classification | Non-fiction | Central Library, University of Rajshahi | Central Library, University of Rajshahi | General Stacks | 15/08/1964 | Mirza book, Lahore | 91.25 | 579.5 ALL 1968 | 21/11/2022 | C-3 | Books |